<?xml version="1.0" encoding="UTF-8"?>
<marc:record xmlns:marc="http://www.loc.gov/MARC21/slim">
   <marc:leader>00000nam a2200000 a 4500</marc:leader>
   <marc:datafield ind1="1" ind2=" " tag="100">
      <marc:subfield code="a">Schulz, Heinz</marc:subfield>
      <marc:subfield code="4">aut</marc:subfield>
      <marc:subfield code="e">Verfasser/-in</marc:subfield>
   </marc:datafield>
   <marc:datafield ind1=" " ind2=" " tag="653">
      <marc:subfield code="a">Windenergie</marc:subfield>
   </marc:datafield>
   <marc:datafield ind1="0" ind2="0" tag="245">
      <marc:subfield code="a">Kleine Windkraftanlagen</marc:subfield>
   </marc:datafield>
   <marc:datafield ind1="0" ind2="0" tag="245">
      <marc:subfield code="b">Technik, Erfahrungen, Meßergebnisse</marc:subfield>
   </marc:datafield>
   <marc:datafield ind1=" " ind2="1" tag="264">
      <marc:subfield code="a">Staufen b. Freiburg</marc:subfield>
      <marc:subfield code="b">ökobuch-Verl.</marc:subfield>
      <marc:subfield code="c">1991</marc:subfield>
   </marc:datafield>
   <marc:datafield ind1="1" ind2=" " tag="520">
      <marc:subfield code="a">PZ 4/91*596 (WWT) Das Buch gibt einen Überblick über die am Markt befindlichen Windkraftanlagen zur Stromerzeugung und  Wasserpumpen, enthält Leistungs- und Preisangaben und schildert Betriebserfahrungen und Meßergebnisse von 5 ausgewählten Typen. Einige Beispiele aus der Praxis zeigen, wie nützlich oder sogar unentbehrlich kleine Windkraftanlagen heute sein können. Und der Praktiker findet außerdem Hinweise für den Bau von Masten, zur Installation, zu Akkumulatoren, Ladereglern, Wechselrichtern und sparsamen Stromverbrauchern, sowie ein ausführliches Lieferantenverzeichnis am Ende des Buches.</marc:subfield>
   </marc:datafield>
   <marc:datafield ind1="0" ind2=" " tag="490">
      <marc:subfield code="v">0</marc:subfield>
   </marc:datafield>
   <marc:datafield ind1=" " ind2=" " tag="300">
      <marc:subfield code="a">94 S.</marc:subfield>
   </marc:datafield>
</marc:record>
